000 01077nac a22003011i 4500
003 EG-ScBUE
005 20240416113716.0
008 240416t1961 inu f b 000 0 eng d
020 _a0672603268
040 _aEG-ScBUE
_beng
_erda
_cEG-ScBUE
_dEG-ScBUE
082 0 4 _a942.07
_bVOL
_222
100 0 _aVoltaire,
_d1694-1778‏,
_eauthor.
245 1 0 _aPhilosophical letters /
_cVoltaire ; translated, with an introduction by Ernest Dilworth.
264 1 _aIndianapolis :
_bBobbs-Merrill Educational Publishing,
_c[1961]
264 4 _cc1961
300 _axvi, 150 pages ;
_c21 cm.
336 _2rdacontent
_atext
_btxt
337 _aunmediated
_2rdamedia
_bn
338 _avolume
_bnc
_2rdacarrier
490 0 _aThe library of liberal arts ;
_vno. 124
504 _aIncludes bibliographical references.
650 7 _aPhilosophy, Modern
_y18th century.
_2BUEsh
650 7 _aImaginary letters.
_2BUEsh
651 7 _aGreat Britain
_xCivilization
_y18th century.
_2BUEsh
655 _vReading book
942 _cBB
_2ddc
999 _c1650
_d1650